Marinin hallituksen ministerit - Statistics

Yleistilastot
  • Tätä visaa on pelattu 88 kertaa
  • Keskiarvotulos 15 / 28
Vastaustilastot
Hint Vastaus % Oikein
Pääministeri Sanna Marin
100%
Opetusministeri (10.12.2019 - 17.12.2020, 29.6.2021 -> ) Li Andersson
95%
Tiede- ja kulttuuriministeri (6.8.2020 - 27.5.2021) Valtiovarainministeri (27.5.2021 -> ) Annika Saarikko
85%
Sisäministeri (10.12.2019 -19.11.2021)Ympäristö- ja ilmastoministeri (7.6.2022 -> ) Maria Ohisalo
85%
Oikeusministeri Anna-Maja Henriksson
81%
Puolustusministeri (10.12.2019 - 5.1.2023, 28.2.2023 -> ) Antti Kaikkonen
77%
Ulkoministeri Pekka Haavisto
77%
Valtiovarainministeri (10.12.2019 - 9.6.2020) Katri Kulmuni
70%
Perhe- ja peruspalveluministeri (10.12.2019 - 4.2.2022, 6.10.2022 -> ) Krista Kiuru
66%
Eurooppa- ja omistajaohjausministeri Tytti Tuppurainen
66%
Valtiovarainministeri (9.6.2020 - 27.5.2021) Matti Vanhanen
60%
Opetusministeri (17.12.2020 - 29.6.2021) Jussi Saramo
53%
Elinkeinoministeri Mika Lintilä
53%
Tiede- ja kulttuuriministeri (27.5.2021 - 29.4.2022)Maa- ja metsätalousministeri (29.4.2022 -> ) Antti Kurvinen
52%
Liikenne- ja viestintäministeri Timo Harakka
48%
Ympäristö- ja ilmastoministeri (10.12.2019 - 19.11.2021) Sisäministeri (19.11.2021 -> ) Krista Mikkonen
41%
Kuntaministeri Sirpa Paatero
41%
Sosiaali- ja terveysministeri (10.12.2019 - 29.6.2021) Aino-Kaisa Pekonen
38%
Kehitysyhteistyö- ja ulkomaankauppaministeri Ville Skinnari
36%
Työministeri Tuula Haatainen
34%
Pohjoismaisen yhteistyön ja tasa-arvon ministeri Thomas Blomqvist
33%
Sosiaali- ja terveysministeri (29.6.2021 -> ) Hanna Sarkkinen
30%
Maa- ja metsätalousministeri (10.12.2019 - 29.4.2022) Jari Leppä
30%
Perhe- ja peruspalveluministeri (4.2.2022 - 6.10.2022) Aki Lindén
29%
Ympäristö- ja ilmastoministeri (19.11.2021 - 7.6.2022) Emma Kari
25%
Puolustusministeri (5.1.2023 - 28.2.2023) Mikko Savola
23%
Tiede- ja kulttuuriministeri (29.4.2022 -> ) Petri Honkonen
23%
Tiede- ja kulttuuriministeri (10.12.2019 - 6.8.2020) Hanna Kosonen
18%
Ehtoja vastaavia visoja ei löytynyt
Tulosjakauma
Jokaisen tuloksen saaneiden osuus
Persentiili vastausten määrän mukaan
Tuloshistoriasi
Et ole pelannut tätä visaa